มุมมองปกติ
มุมมองแบบ MARC
- สืบสกุล ค.น.จ.ร.
รายการ Personal Name
001 - CONTROL NUMBER
- control field: 33667
003 - CONTROL NUMBER IDENTIFIER
- control field: NALT
005 - DATE AND TIME OF LATEST TRANSACTION
- control field: 20181119153502.0
008 - FIXED-LENGTH DATA ELEMENTS
- fixed length control field: 181119|| aca||aabn | a|a d
040 ## - CATALOGING SOURCE
- Original cataloging agency: NALT
100 ## - HEADING--PERSONAL NAME
- Personal name: สืบสกุล ค.น.จ.ร.
